<?xml version="1.0" encoding="UTF-8"?>
<record
    xmlns:xsi="http://www.w3.org/2001/XMLSchema-instance"
    xsi:schemaLocation="http://www.loc.gov/MARC21/slim http://www.loc.gov/standards/marcxml/schema/MARC21slim.xsd"
    xmlns="http://www.loc.gov/MARC21/slim">

  <leader>01336nam a2200337Ia 4500</leader>
  <controlfield tag="008">231002s2023    sp            000 0 spa d</controlfield>
  <datafield tag="041" ind1=" " ind2=" ">
    <subfield code="a">spa</subfield>
  </datafield>
  <datafield tag="111" ind1="2" ind2=" ">
    <subfield code="a">DIA INTERNACIONAL DE LAS PERSONAS MAYORES 2023</subfield>
    <subfield code="9">38378</subfield>
  </datafield>
  <datafield tag="245" ind1="1" ind2="0">
    <subfield code="a">Manifiesto del D&#xED;a Internacional de las Personas Mayores</subfield>
    <subfield code="c">/ CCOO [y] UGT</subfield>
  </datafield>
  <datafield tag="260" ind1=" " ind2=" ">
    <subfield code="a">Madrid :</subfield>
    <subfield code="b">Confederaci&#xF3;n Sindical de CCOO, Comisi&#xF3;n Ejecutiva de UGT,</subfield>
    <subfield code="c">2023</subfield>
  </datafield>
  <datafield tag="300" ind1=" " ind2=" ">
    <subfield code="a">6 p.  ;</subfield>
    <subfield code="c"> 30 cm</subfield>
  </datafield>
  <datafield tag="650" ind1=" " ind2="0">
    <subfield code="a">PERSONAS DE EDAD AVANZADA</subfield>
    <subfield code="9">866</subfield>
  </datafield>
  <datafield tag="650" ind1=" " ind2="0">
    <subfield code="a">ASISTENCIA A LAS PERSONAS DE EDAD AVANZADA</subfield>
    <subfield code="9">6542</subfield>
  </datafield>
  <datafield tag="650" ind1=" " ind2="0">
    <subfield code="a">POLITICA SOCIAL</subfield>
    <subfield code="9">228</subfield>
  </datafield>
  <datafield tag="650" ind1=" " ind2="0">
    <subfield code="a">ASISTENCIA MEDICA</subfield>
    <subfield code="9">556</subfield>
  </datafield>
  <datafield tag="650" ind1=" " ind2="0">
    <subfield code="a">JUBILADO</subfield>
    <subfield code="9">7275</subfield>
  </datafield>
  <datafield tag="650" ind1=" " ind2="0">
    <subfield code="a">PRESTACIONES DE VEJEZ</subfield>
    <subfield code="9">348</subfield>
  </datafield>
  <datafield tag="650" ind1=" " ind2="0">
    <subfield code="a">EXCLUSION SOCIAL</subfield>
    <subfield code="9">2771</subfield>
  </datafield>
  <datafield tag="650" ind1=" " ind2="0">
    <subfield code="a">ENVEJECIMIENTO DE LA POBLACION</subfield>
    <subfield code="9">1287</subfield>
  </datafield>
  <datafield tag="650" ind1=" " ind2="0">
    <subfield code="a">CONDICIONES DE VIDA</subfield>
    <subfield code="9">2789</subfield>
  </datafield>
  <datafield tag="650" ind1=" " ind2="0">
    <subfield code="a">PROTECCION SOCIAL</subfield>
    <subfield code="9">62</subfield>
  </datafield>
  <datafield tag="650" ind1=" " ind2="0">
    <subfield code="a">TRANSICION JUSTA</subfield>
    <subfield code="9">35552</subfield>
  </datafield>
  <datafield tag="650" ind1=" " ind2="0">
    <subfield code="a">RESIDENCIA DE ATENCION ESPECIALIZADA</subfield>
    <subfield code="9">13495</subfield>
  </datafield>
  <datafield tag="650" ind1=" " ind2="0">
    <subfield code="a">PRESTACION DE CUIDADOS</subfield>
    <subfield code="9">30122</subfield>
  </datafield>
  <datafield tag="650" ind1=" " ind2="0">
    <subfield code="a">DIA INTERNACIONAL DE LAS PERSONAS DE EDAD</subfield>
    <subfield code="9">39767</subfield>
  </datafield>
  <datafield tag="650" ind1=" " ind2="0">
    <subfield code="a">ACTITUD SINDICAL</subfield>
    <subfield code="9">61</subfield>
  </datafield>
  <datafield tag="710" ind1="2" ind2=" ">
    <subfield code="a">UGT</subfield>
    <subfield code="b">Comisi&#xF3;n Ejecutiva Confederal</subfield>
    <subfield code="9">5104</subfield>
  </datafield>
  <datafield tag="710" ind1="2" ind2=" ">
    <subfield code="a">CCOO</subfield>
    <subfield code="b">Confederaci&#xF3;n Sindical</subfield>
    <subfield code="9">27927</subfield>
  </datafield>
  <datafield tag="856" ind1=" " ind2=" ">
    <subfield code="z">PDF</subfield>
    <subfield code="u">https://docpublicos.ccoo.es/cendoc/066861ManifiestoPersonasMayores2023.pdf</subfield>
  </datafield>
  <datafield tag="942" ind1=" " ind2=" ">
    <subfield code="c">DOCU_ELEC</subfield>
    <subfield code="2">ddc</subfield>
    <subfield code="n">0</subfield>
  </datafield>
  <datafield tag="999" ind1=" " ind2=" ">
    <subfield code="c">58113</subfield>
    <subfield code="d">58113</subfield>
  </datafield>
  <datafield tag="952" ind1=" " ind2=" ">
    <subfield code="0">0</subfield>
    <subfield code="1">0</subfield>
    <subfield code="2">ddc</subfield>
    <subfield code="4">0</subfield>
    <subfield code="7">0</subfield>
    <subfield code="a">CENDO</subfield>
    <subfield code="b">CENDO</subfield>
    <subfield code="d">2023-10-02</subfield>
    <subfield code="i">066861</subfield>
    <subfield code="l">0</subfield>
    <subfield code="p">2023-1751</subfield>
    <subfield code="r">2023-10-02 00:00:00</subfield>
    <subfield code="u">https://docpublicos.ccoo.es/cendoc/066861ManifiestoPersonasMayores2023.pdf</subfield>
    <subfield code="w">2023-10-02</subfield>
    <subfield code="y">DOCU_ELEC</subfield>
  </datafield>
</record>
